000 01152nam a2200289 4500
003 EG-GICUC
005 20260502095107.0
008 260502s2013 ua ||||fr|||| 00| 0 ara d
017 _a2013/13214
040 _a EG-GICUC
_bara
_c EG-GICUC
_d EG-GICUC
_erda
041 0 _aara
082 0 4 _221
_a345.144
_bم ص . م
092 0 4 _221
099 _aLaw1 07 345.144 م ج . م 20103
110 0 _aمصر.
_bمجلس الدولة
_eمؤلف.
245 1 0 _aمجموعة المبادئ القانونية التى قررتها المحكمة الإدارية العليا : في السنه الراباعة والخمسين من أول أكتوبر سنه 2008 إلى آخر سبتمبر سنة 2009 /
_cمجلس الدولة.
264 1 _aالقاهرة :
_bمجلس الدولة،
_c2013.
300 _a910 ؛ صفحة
_c24 سم
336 _2rda content
_atext
337 _2rda media
_aComputer
338 _2rda carrier
_aOnline Resource
546 _aالنص باللغة العربية
650 1 4 _aالقانون الإداري
856 4 0 _uhttps://fll.law.cu.edu.eg/fulltext/bks/B07-04194.pdf
905 _a30
942 _2ddc
_cBK
_e21
_n0
999 _c74759
_d74759